000 00792pab a2200169 454500
008 180718b2005 xxu||||| |||| 00| 0 eng d
100 _aVijaya, C.
245 _aGender and ICT: towards an analytical framework
260 _c2005
300 _ap.558-64.
362 _aJan-Mar
520 _aThis paper presents a range of perspectives on gender, information and communication technology (ICT) drawn from a review of the literature. The aim is to present some of the major debates and critiques of ICT to highlight some important issues of concern for women. It also provides an analytical framework from which to view women's global participation in computer networking. -Reproduced.
650 _aWomen
650 _aCommunication technology
773 _aProductivity
909 _a67980
999 _c67980
_d67980